|
|
|
|
| LEADER |
00000nam a2200000 a 4500 |
| 001 |
vtls010040868 |
| 003 |
SK-MaSNL |
| 005 |
20260301131034.0 |
| 007 |
co bg anuua |
| 008 |
251104s2009 xo dl fsp 000 0 slo |
| 015 |
|
|
|a SNBS2010/02-01114
|
| 020 |
|
|
|a 9788055301518
|q (elektronická kniha)
|
| 040 |
|
|
|a SNK
|b slo
|c SNK
|e AACR2
|
| 041 |
0 |
|
|a slo
|
| 044 |
|
|
|a xo
|c SK
|
| 072 |
|
7 |
|a 621.3
|x Elektrotechnika
|2 konspekt
|
| 080 |
|
|
|a 537.8
|2 2001
|
| 080 |
|
|
|a 621.37-021.29
|2 2001
|
| 080 |
|
|
|a (0.034.44)
|2 2001
|
| 100 |
1 |
|
|a Kováč, Dobroslav,
|d 1961-
|4 aut
|9 153197
|
| 245 |
1 |
0 |
|a Elektromagnetická kompatibilita - meranie
|h elektronický zdroj
|c Dobroslav Kováč, Irena Kováčová, Ján Molnár
|
| 250 |
|
|
|a 1. vyd.
|
| 260 |
|
|
|a Košice
|b Technická univerzita
|c 2009
|
| 300 |
|
|
|a 1 elektronický optický disk (CD-ROM)
|c 12 cm
|
| 366 |
|
|
|e 100 kusov
|
| 500 |
|
|
|a Vydané s finančnou podporou projektov Vega
|
| 500 |
|
|
|a Názov z titulnej obrazovky
|
| 516 |
|
|
|a Textový dokument (učebnica), 1 súbor vo formáte pdf
|
| 538 |
|
|
|a Technické požiadavky: Adobe Reader
|
| 650 |
0 |
7 |
|a elektromagnetizmus
|2 SNKPH
|9 67299
|
| 650 |
0 |
7 |
|a elektromagnetická kompatibilita
|2 SNKPH
|9 69980
|
| 655 |
|
7 |
|a elektronické zdroje
|2 SNKPH
|9 90954
|
| 655 |
|
7 |
|a CD-ROM
|2 SNKPH
|9 70236
|
| 700 |
1 |
|
|a Kováčová, Irena,
|d 1958-
|4 aut
|9 207561
|
| 700 |
1 |
|
|a Molnár, Ján,
|d 1979-
|4 aut
|9 215056
|
| 919 |
|
|
|a 978-80-553-0151-8
|
| 999 |
|
|
|c 746597
|d 748527
|
| 952 |
|
|
|a SNK
|b SNK
|y PREZ
|7 0
|p 17A0641892
|o snkSCDM 2504
|i snk2010/933
|8 0
|0 0
|1 0
|4 0
|d 2010-01-19
|l 0
|r 2026-02-23 23:18:50
|w 2026-02-23
|